Statistiques concernant Paroles de 'Allumer le feu' de Johnny Hallyday

Cliquez ici pour prendre le quiz!

Statistiques générales

  • Ce quiz a été pris 380 fois
  • Le résultat moyen est 223 sur 280

Statistiques - réponses

Paroles % Correct
le
100%
à
100%
Allumer
99%
feu
99%
allumer
99%
feu,
99%
Et
96%
et
96%
les
94%
dans
93%
la
90%
de
87%
Il
86%
faire
83%
yeux
82%
dieux
81%
pour
80%
flamme
80%
pour,
80%
vos
80%
sa
80%
Pour,
80%
danser
78%
Se
78%
étincelle
78%
se
78%
voir
78%
d'un
77%
suffira
77%
d'une
77%
D'un
77%
diables
75%
des
73%
qui
73%
rien,
70%
d'amour,
69%
sauvage
69%
Nos
69%
nos
69%
l'état
69%
d'amour
69%
Revenir
68%
geste
67%
temps
66%
oui,
65%
oui
65%
Oui,
65%
loup
65%
cage
65%
Sortir
64%
grandir
64%
mot
63%
l'orage
63%
vent
61%
Je
61%
déchaîne
61%
Tourner
60%
veines
60%
son
59%
en
59%
sang
58%
Sentir
57%
peu
56%
lion
56%
Battre
53%
bruit
53%
guitares
52%
motos
51%
démarrent
50%
Oh,
49%
chaînes
49%
l'arène
48%
barrages
48%
foule
44%
portes,
44%
jour,
43%
contact
43%
délire
43%
Forcer
41%
veux
41%
libérer
40%
Lâcher
39%
toutes
38%
Monter
38%
problèmes
38%
tonnerre
37%
peines
37%
rires
36%
foudre
36%
guerre,
36%
l'éclair
34%
haches
34%
fête
31%
Laisser
31%
derrière
30%
poudre,
30%
L'odeur
29%

Distribution des résultats

Percentile par nombre de réponses

% des personnes avec chaque résultat

Votre développement - résultats

Vous n’avez pas pris ce quiz